Master plan for national agricultural research : (Record no. 16301)

000 -LEADER
fixed length control field 00688nam a2200205 a 4500
040 ## - CATALOGING SOURCE
Transcribing agency GZM
082 ## - DEWEY DECIMAL CLASSIFICATION NUMBER
Classification number 549 MIN 2006 A084 Co.
245 00 - TITLE STATEMENT
Title Master plan for national agricultural research :
Remainder of title program support unit of agricultural sector development program
246 1# - VARYING FORM OF TITLE
Title proper/short title Kingdom of Cambodia. Nation Religion King
260 ## - PUBLICATION, DISTRIBUTION, ETC. (IMPRINT)
Place of publication [Pnom Penh] :
Name of publisher Ministry of Agriculture, Forestry and Fishereries,
Year of publication [2006}
300 ## - PHYSICAL DESCRIPTION
Number of Pages xiii, 201 p. :
Other physical details ill. ;
Dimensions 30 cm
500 ## - GENERAL NOTE
General note Cover title
500 ## - GENERAL NOTE
General note "Supported by Asian Development Bank."
500 ## - GENERAL NOTE
General note "May 2006."
650 #0 - SUBJECT ADDED ENTRY--TOPICAL TERM
Topical Term Agriculture
650 #0 - SUBJECT ADDED ENTRY--TOPICAL TERM
Topical Term Agriculture
710 1# - ADDED ENTRY--CORPORATE NAME
Corporate name or jurisdiction name as entry element Cambodia.
710 2# - ADDED ENTRY--CORPORATE NAME
Corporate name or jurisdiction name as entry element Asian Development Bank
942 ## - ADDED ENTRY ELEMENTS (KOHA)
Koha item type សៀវភៅភាសាអង់គ្លេស
952 ## - LOCATION AND ITEM INFORMATION (KOHA)
Withdrawn status [LOCAL, KOHA] 0
Holdings
Permanent Location Date acquired Koha item type Lost status Shelving location Barcode Current Location Full call number
Library Block A2018-02-05សៀវភៅភាសាអង់គ្លេស A084A22900Library Block A549 MIN 2006 A084 Co.
មជ្ឈមណ្ឌលឯការនៃសាកលវិទ្យាល័យភូមិន្ទកសិកម្មចំការដូង

Powered by Koha